000 00591nam a22002057a 4500
003 UA-OsUOA
001 53437
007 ta
008 20151022b un ||||| |||| 00| 0 ukr d
090 _a09.-281.9
_bУ45
942 _cBR
040 _aUA-OsUOA
_bukr
_cUA-OsUOA
_dUA-OsUOA
245 _aУкраїнська греко-православна катедра Пресвятої Тройці у Вінніпегу
955 _a4
041 _aukr
080 _a09.-281.9
260 _aВінніпег
_c1949
650 7 _a0 Загальний відділ.
_2UDC
999 _c433554
_d433554